| 000 | 00593nam a22001817a 4500 | ||
|---|---|---|---|
| 003 | CEME | ||
| 005 | 20210628202804.0 | ||
| 008 | 210118b xxu||||| |||| 00| 0 eng d | ||
| 020 | _a0-8493-9537-2 | ||
| 040 | _c. | ||
| 082 | _a621.395 PIG | ||
| 100 |
_aPiguet, Christian _961633 |
||
| 245 | _aLow power cmos circuits, technology, logic design and cad tools | ||
| 260 |
_aNEW YORK _bTAYLOR AND FRANCIS _c2006 |
||
| 300 | _a450P | ||
| 650 |
_aMETAL OXIDE SEMICONDUCTORS, COMPLEMENTARY- COMPUTER AIDED DESIGN.LOW VOLTAGE INTEGRATED CIRCUITS.LOW POWER CMOS CIRCUITS _961634 |
||
| 942 |
_cBK _2ddc |
||
| 999 |
_c571024 _d571024 |
||